Central Library OPAC University of Rajshahi

বীমার নীতি ও পদ্ধতি / (Record no. 48707)

MARC details
000 -LEADER
fixed length control field 00829nam a2200229 a 4500
001 - CONTROL NUMBER
control field 48707
003 - CONTROL NUMBER IDENTIFIER
rucl marc code BD-RjUL
005 - DATE AND TIME OF LATEST TRANSACTION
control field 20211209054554.0
008 - FIXED-LENGTH DATA ELEMENTS--GENERAL INFORMATION
fixed length control field 160816s1991 bg ||||| |||| 00| 0 ben d
035 ## - SYSTEM CONTROL NUMBER
System control number (BD-RjUL)48826
040 ## - CATALOGING SOURCE
Original cataloging agency BD-RjUL
Language of cataloging ben
Transcribing agency BD-RjUL
041 ## - LANGUAGE CODE
Language code of text/sound track or separate title ben
082 ## - DEWEY DECIMAL CLASSIFICATION NUMBER
Edition number 23
Classification number 344.20686
Author mark and year HOB 1991
100 ## - MAIN ENTRY--PERSONAL NAME
Personal name হোসেন, মোঃ জাকির
9 (RLIN) 147001
245 ## - TITLE STATEMENT
Title বীমার নীতি ও পদ্ধতি /
Statement of responsibility, etc. মোঃ জাকির হোসেন
260 ## - PUBLICATION, DISTRIBUTION, ETC. (IMPRINT)
Place of publication, distribution, etc. রাজশাহী :
Name of publisher, distributor, etc. জেইবুন্নাহার মুনিরা,
Date of publication, distribution, etc. ১৯৯১
300 ## - PHYSICAL DESCRIPTION
Pagination [১০],২১৪ [৮] পৃ.;
Size ২১ সেমি.
504 ## - BIBLIOGRAPHY, ETC. NOTE
Bibliography, etc গ্রন্থপঞ্জি
650 ## - SUBJECT ADDED ENTRY--TOPICAL TERM
Topical term or geographic name as entry element বীমা আইন
9 (RLIN) 147002
Topical term or geographic name as entry element Insurance law
9 (RLIN) 147003
942 ## - ADDED ENTRY ELEMENTS (KOHA)
Source of classification or shelving scheme Dewey Decimal Classification
Koha item type Books
Holdings
Lost status Source of classification or shelving scheme Damaged status Not for loan Collection code Permanent Location Current Location Shelving location Date acquired Source of acquisition Cost, normal purchase price Total Checkouts Full call number Date last seen Copy number Koha item type Date checked out
  Dewey Decimal Classification     Non-fiction Central Library, University of Rajshahi Central Library, University of Rajshahi   12/11/2002 Form Token 0.00   B 344.20686 HOB 1991 16/08/2016 C-2 Books  
  Dewey Decimal Classification   Not For Loan Non-fiction Central Library, University of Rajshahi Central Library, University of Rajshahi Reading Room 01/06/1998 Ureka Book Akademi, Rajshahi     B 344.20686 HOB 1991 27/12/2016 C-1 Books  
  Dewey Decimal Classification     Non-fiction Central Library, University of Rajshahi Central Library, University of Rajshahi   20/01/1992   75.00 1 B 344.20686 HOB 1991 08/02/2018 C-3 Books 31/01/2018